| 000 | 00612nam a2200181 i 4500 | ||
|---|---|---|---|
| 001 | 89960 | ||
| 003 | ES-MaACL | ||
| 005 | 20230906180318.0 | ||
| 007 | t| | ||
| 008 | 050117s1970 sp ||||1| spa d | ||
| 100 | 1 |
_aLayton, Christopher. _970770 |
|
| 245 | 1 | 3 |
_aEl avance tecnológico en Europa / _cpor Christopher Layton ; prólogo de Antonio Viaplana ; [traducida por: Conrad Niell i Sureda]. |
| 260 |
_aBarcelona : _bHispano Europea, _c[1970] |
||
| 300 |
_aIX, 381 p. ; _c21 cm. |
||
| 700 | 1 |
_aViaplana, Antonio. _9114292 |
|
| 700 | 1 |
_aNiell i Sureda, Conrad. _985633 |
|
| 852 |
_aES-MaACL _jC-46898 _bR.83694 |
||
| 999 |
_c89960 _d89960 |
||